| 000 | 00602nam a2200193 i 4500 | ||
|---|---|---|---|
| 001 | 104317 | ||
| 003 | ES-MaACL | ||
| 005 | 20230906183552.0 | ||
| 007 | t| | ||
| 008 | 051128s1925 sp ||||1| spa d | ||
| 100 | 1 |
_aMillares Carlo, Agustín, _d1893-1980 _981176 |
|
| 245 | 1 | 3 |
_aEl Códice Toledano 33,2 y el Emilianense 47 / _cAgustín Millares Carlo. |
| 260 |
_aMadrid : _bHernando, _c1925. |
||
| 300 |
_a4 h. ; _c26 cm. |
||
| 490 | 1 |
_aHomenaje a Menéndez Pidal ; _vIII |
|
| 830 | 0 |
_aHomenaje a Menéndez Pidal ; _vIII _9184845 |
|
| 852 |
_aES-MaACL _j1698-F-6 |
||
| 999 |
_c104317 _d104317 |
||